000 00432nam a2200145Ia 4500
008 100122s9999 xx 000 0 und d
082 _b56138
_a821
100 _aसप्रे मधुवंती
245 _aहसरी कविता
260 _bसंवेदना प्रकाशन
_c1999
300 _a64
630 _aहसरी कविता
730 _aहसरी कविता
942 _cBOOK
999 _c432632
_d432629